Presidentes de los países hispanohablantes - Statistiques

Statistiques générales
  • Ce quiz a été pris 15 fois
  • Le résultat moyen est 6 sur 10
Statistiques - réponses
Pays Président(e) % Correct
México Claudia Sheinbaum
100%
Nicaragua Daniel Ortega
100%
Argentina Javier Milei
100%
Cuba Miguel Díaz-Canel
100%
España Pedro Sánchez
100%
El Salvador Nayib Bukele
80%
Venezuela Nicolás Maduro
75%
Uruguay Luis Alberto Lacalle Pou
67%
Honduras Xiomara Castro
67%
Perú Dina Boluarte
50%
Chile Gabriel Boric
50%
Colombia Gustavo Petro
50%
Panamá José Raúl Mulino
50%
República Dominicana Luis Abinader
50%
Paraguay Santiago Peña
50%
Ecuador Daniel Noboa
33%
Costa Rica Rodrigo Chaves Robles
33%
Guatemala Bernardo Arévalo
0%
Bolivia Luis Arce
0%
Aucun quiz correspondant
Distribution des résultats
% des personnes avec chaque résultat
Percentile par nombre de réponses
Votre historique - résultats
Vous n’avez pas pris ce quiz